|
|
|
|
| LEADER |
00000nam a2200000 a 4500 |
| 001 |
UCQ8366 |
| 003 |
CL-VaPUC |
| 008 |
981209e19710000SP |||||||||||||||||spa|d |
| 082 |
0 |
4 |
|a 512
|b DUB
|2 21
|
| 100 |
0 |
|
|a Dubreil, P
|e author
|9 422325
|
| 700 |
0 |
|
|a Dubreil-Jacotin, M. L
|e author
|9 422326
|
| 245 |
1 |
0 |
|a Lecciones de algebra moderna
|
| 250 |
|
|
|a 2a. ed
|
| 300 |
|
|
|a 439 p
|
| 942 |
|
|
|c BK
|
| 945 |
|
|
|d 19981209 00:00:00
|a crobeson
|
| 260 |
|
|
|a Barcelona
|b Reverté
|c 1971
|
| 650 |
|
0 |
|a Matemática
|9 260235
|
| 650 |
|
0 |
|a Álgebra
|9 259567
|
| 650 |
|
0 |
|a Cálculo
|9 260234
|
| 650 |
|
0 |
|a Ecuaciones
|9 260137
|
| 650 |
|
7 |
|a AXIOMAS
|2 CL-VaPUC
|9 422327
|
| 650 |
|
0 |
|a Álgebra booleana
|9 270639
|
| 650 |
|
0 |
|a Teoría de grupos
|9 270028
|
| 583 |
|
|
|a last modification
|c 19981209 00:00:00
|k Rodrigo Vera
|
| 999 |
|
|
|c 277651
|d 277649
|
| 952 |
|
|
|0 0
|1 0
|4 0
|6 512_000000000000000_DUB_1971
|7 0
|8 A
|9 315700
|a BIBMAT
|b BIBMAT
|d 2019-11-20
|i 1301748
|o 512 DUB 1971
|p 1301748
|r 2025-01-07
|w 2019-11-20
|y BK
|k MAT
|
| 952 |
|
|
|0 0
|1 0
|4 0
|6 512_000000000000000_DUB_1971
|7 0
|8 A
|9 315701
|a BIBMAT
|b BIBMAT
|d 2019-11-20
|i 1301756
|o 512 DUB 1971
|p 1301756
|r 2025-01-07
|w 2019-11-20
|y BK
|k MAT
|
| 952 |
|
|
|0 0
|1 0
|4 0
|6 512_000000000000000_DUB_1971
|7 0
|8 A
|9 315702
|a BIBMAT
|b BIBMAT
|d 2019-11-20
|i 1301764
|o 512 DUB 1971
|p 1301764
|r 2025-01-07
|w 2019-11-20
|y BK
|k MAT
|